000 00472nam a2200181 a 4500
001 38071
005 20230414123611.0
008 140415s2000 000 0 spa d
020 _a9701021657
041 _aspa
082 _a618.2
_bLLA
100 1 _aLLACA RODRIGUEZ, VICTORIANO
245 1 0 _aOBSTETRICIA CLINICA
260 _a[s.l.] :
_bMCGRAW-HILL INTERAMERICANA EDITORES,
_c2000
300 _a580
650 1 4 _aOBSTETRICIA
700 1 _aFERNANDEZ ALBA, JULIO
_ecoaut.
999 _c38071
_d38071